|
|
|
|
| LEADER |
00000nab a2200000 a 4500 |
| 001 |
vtls001016816 |
| 003 |
SK-MaSNL |
| 005 |
20260303165453.0 |
| 008 |
040720e20011030xo 0 slo |
| 035 |
|
|
|a SN2766
|
| 040 |
|
|
|a SNSK
|b slo
|c SNSK
|e AACR2
|
| 041 |
0 |
|
|a slo
|
| 044 |
|
|
|a xo
|c SK
|
| 080 |
|
|
|a 631.115.6
|2 1981
|
| 100 |
1 |
|
|a Dubivská, Daniela,
|d 1966-
|4 aut
|9 155615
|
| 245 |
1 |
0 |
|a Družstvo v Spišskom Štvrtku nastupuje stratégiu približovania sa Európskej únii
|
| 300 |
|
|
|b 1 foto
|
| 610 |
2 |
7 |
|a Poľnohospodárske družstvo, Spišský Štvrtok
|2 SNSK
|9 1021507
|
| 650 |
0 |
7 |
|a nové technológie
|2 SNSK
|9 70295
|
| 650 |
0 |
7 |
|a informácie
|2 SNSK
|9 1285
|
| 651 |
|
7 |
|a Spišský Štvrtok (Slovensko)
|2 SNSK
|9 54552
|
| 651 |
|
7 |
|a SN,
|2 SNSK
|9 1021277
|
| 655 |
|
7 |
|a periodikum
|2 snkbucl
|9 29553
|
| 710 |
2 |
|
|a Poľnohospodárske družstvo, Spišský Štvrtok
|4 aut
|9 1021507
|
| 773 |
0 |
8 |
|t Spišský denník
|g Roč. 3, č.250, 30.10.2001, s. 1
|x 1335-759X
|
| 852 |
|
|
|a ZVYKNI
|b KIS3GCP
|
| 999 |
|
|
|c 2071911
|d 2073841
|